Responses for Show #5169 - Thursday, February 15, 2007

2007 Teen Tournament final game 1.

Contestants

[<< previous game]

David Walter, a senior from Wilmington, Delaware

Ben Schenkel, a junior from Allentown, Pennsylvania

Stephen Fritz, a sophomore from Lexington, Kentucky

[next game >>]

Jeopardy! Round responses

A LITTLE LIT
POP MUSIC
FOOD
AROUND THE WORLD
PICTURE ME!
WELCOME TO "HIGH" SCHOOL
    $200 29
Don Quixote

David
    $200 28
Justin Timberlake

Ben
    $200 7
a burrito

Stephen
    $200 1
Russia

David
    $200 6
Princess Diana

Stephen
    $200 30
high definition

Stephen
    $2,000 26
(Alex: You guys have been fishing around for quite a while on the board, and David is in a position to capitalize the most.)

Big Brother

David
    $400 25
Fergie

David
    $400 8
icing (or frosting)

David
    $400 2
Pisa

Ben
    $400 13
Franklin Delano Roosevelt

Ben
    $400 27
high fashion

Ben
    $600 19
(Jack) London

David
    $600 18
Madonna

Ben
    $600 9
caviar

Ben
    $600 4
Alexandria

David
    $600 15
Mother Teresa

David
    $600 22
high horse

David
    $800 20
Darcy

David
    $800 16
Panic! at the Disco

David
    $800 11
noodles (or pasta)

Ben
    $800 3
Bombay

David
    $800 10
Orville & Wilbur Wright

Stephen
    $800 23
high blood pressure

David
    $1000 21
Candide

David
    $1000 17
My Chemical Romance

Triple Stumper
    $1000 12
(Ben: What is pickled?)
[Originally ruled incorrect]

corned beef (or pickled beef)

StephenBen
    $1000 5
(David: What is Fleet Street?)

Lombard Street

David
Triple Stumper
    $1000 14
Mao Tse-tung

Stephen
    $1000 24
high hat

David

Scores at the first commercial break (after clue 15):

Stephen Ben David
$3,200 $3,200 $1,600

Scores at the end of the Jeopardy! Round:

Stephen Ben David
$3,400 $4,400 $9,800

Double Jeopardy! Round responses

GOVERNMENT & POLITICS
BROADWAY
LET'S CHECK OUT SOME COLLEGES
THE BIRDS & THE BEES
THREE OF A KIND
WORDS IN AMERICA
    $400 1
the Supreme Court

Stephen
    $400 16
Belle

Ben
    $400 10
University of Texas

Ben
    $400 25
parrots

Ben
    $400 20
dances

Ben
    $400 26
died

Stephen
    $800 2
Hawaii

David
    $800 9
Brutus

Stephen
    $800 15
Harvard University

Ben
    $800 24
pollen

Stephen
    $800 19
religions

David
    $800 27
freedom

Stephen
    $1200 3
Camp David

David
    $1200 6
Baltimore

David
    $1200 14
Yale University

David
    $1200 23
(Stephen: What are dandelions?)

clover

Stephen
Triple Stumper
    $8,000 12
(Alex: Now in the quarterfinals, and in the semifinal game if memory serves me correctly, you were making very large wagers on these Daily Doubles, and your mother's sitting in the audience who's having nervous attacks as a result. What are you going to do now to shake her up?)
(Ben: [Laughs] No pressure! I'll wager $8,000.)

codes

Ben
    $1200 28
Pilgrims

Ben
    $1600 4
John McCain

David
    $1600 7
Grease

David
    $4,800 11
University of Notre Dame

Ben
    $1600 22
(Ben: What are chestnuts?)

hazelnuts

Ben
Triple Stumper
    $1600 17
fish

Stephen
    $1600 29
thee

Ben
    $2000 5
Department of Education

Triple Stumper
    $2000 8
Wicked

David
    $2000 13
University of Wisconsin

Stephen
    $2000 21
wren

Ben
    $2000 18
submarines

Stephen
    $2000 30
hills

David

Scores at the end of the Double Jeopardy! Round:

Stephen Ben David
$11,000 $22,800 $22,200

Final Jeopardy! Round responses

19th CENTURY MEN
(Alex: You were thinking of the pirate, right, who wound up helping us at the Battle of New Orleans?)
(Ben: Sure hope so.)
(Alex: Yeah, well, you're right. What's your wager? Oh boy.)
StephenWho was Aaron Burr?
$5,537
DavidWho is Jesse James
$8,000
BenWho is Jean Lafitte?
$17,200
Jean Lafitte

Final scores:

Stephen Ben David
$5,463 $40,000 $14,200

Game dynamics:

Coryat scores:

Stephen Ben David
$11,000 $12,800 $20,600
14 R,
1 W
18 R
(including 2 DDs),
1 W
24 R
(including 1 DD),
1 W

Combined Coryat: $44,400

[game clues] [game scores] [suggest correction]

Game tape date: 2007-01-05
The J! Archive is created by fans, for fans. Scraping, republication, monetization, and malicious use prohibited; this site may use cookies and collect identifying information. See terms. The Jeopardy! game show and all elements thereof, including but not limited to copyright and trademark thereto, are the property of Jeopardy Productions, Inc. and are protected under law. This website is not affiliated with, sponsored by, or operated by Jeopardy Productions, Inc. Join the discussion at JBoard.tv.